LEADER 01314nam0-2200349 --450 001 9910284644303321 005 20180928124139.0 010 $a978-88-97931-54-6 100 $a20180928d2015----kmuy0itay5050 ba 101 0 $aita 102 $aIT 105 $a 001yy 200 1 $aDieci anni di ordine pubblico$efocus sulle manifestazioni politiche - sindacali - sportive$eanalisi socio-statistica$fArmando Forgione, Roberto Massucci, Nicola Ferrigni$gprefazione di Alessandro Pansa$gintroduzione di Lorena La Spina$gintroduzione alle manifestazioni sportive di Alberto Intimi$gcon il contributo all'elaborazione statistica di Raffaele Alfieri 210 $aRoma$cEurilink$d2015 215 $a128 p.$cill.$d21 cm 225 1 $aRicerca$v5 610 0 $aOrdine pubblico$aItalia 676 $a345.450243$v22$zita 700 1$aForgione,$bArmando$0751054 701 1$aMassucci,$bRoberto$0751055 701 1$aFerrigni,$bNicola$0751056 702 1$aPansa,$bAlessandro$f<1951-> 702 1$aLa Spina,$bLorena 702 1$aIntimi,$bAlberto 702 1$aAlfieri,$bRaffaele 801 0$aIT$bUNINA$gREICAT$2UNIMARC 901 $aBK 912 $a9910284644303321 952 $aCOLLEZ. 2552 (5)$b1853/2018$fFSPBC 959 $aFSPBC 996 $aDieci anni di ordine pubblico$91510516 997 $aUNINA LEADER 02073nas 2200553- 450 001 996199369303316 005 20231213213019.0 011 $a1988-3110 035 $a(DE-599)ZDB2225350-6 035 $a(CKB)110978977970352 035 $a(CONSER)---45050123- 035 $a(EXLCZ)99110978977970352 100 $a20750303b19402020 --- b 101 0 $aspa 181 $ctxt$2rdacontent 182 $cc$2rdamedia 183 $acr$2rdacarrier 200 10$aArchivo español de arqueología 210 1$aMadrid :$cConsejo Superior de Investigaciones Científicas, Instituto Diego Velázquez,$d1940-2020. 210 21$aMadrid :$cConsejo Superior de Investigaciones Científicas, Instituto de Arqueología y Prehistoria "Rodrigo Caro" 210 21$aMadrid :$cConsejo Superior de Investigaciones Científicas, Instituto Español de Arqueología 210 31$aMadrid (España) :$cConsejo Superior de Investigaciones Científicas 215 $a1 online resource 300 $aAt head of title of earlier vols.: Consejo Superior de Investigaciones Científicas. Instituto Diego Velázquez. 311 $a0066-6742 531 0 $aArch. esp. arqueol. 606 $aArchéologie$zEspagne$vPériodiques 606 $aAntiquities$2fast$3(OCoLC)fst00810745 606 $aArcheologie$2gtt 607 $aSpain$xAntiquities$vPeriodicals 607 $aEspagne$xAntiquités$vPériodiques 607 $aSpain$2fast 607 $aSpain$xAntiquities$vPeriodicals$2nli 608 $aPeriodicals.$2aat 608 $aPeriodicals.$2fast 608 $aPeriodicals.$2lcgft 615 6$aArchéologie 615 7$aAntiquities. 615 17$aArcheologie. 676 $a913.46 712 02$aInstituto Diego Velázquez, 712 02$aInstituto de Arqueología y Prehistoria "Rodrigo Caro", 712 02$aInstituto Español de Arqueología "Rodrigo Caro", 712 02$aInstituto de Historia (Spain), 906 $aJOURNAL 912 $a996199369303316 920 $aexl_impl conversion 996 $aArchivo Espanol de Arqueologia$91325552 997 $aUNISA